|
|
|
|
| LEADER |
00800cam a2200205 7i4500 |
| 001 |
0000021220 |
| 005 |
20170218090000.0 |
| 008 |
080317 eng |
| 020 |
|
|
|a 9780471789321 (hbk.)
|
| 040 |
|
|
|a DLC
|
| 090 |
0 |
0 |
|a HV8079.C65
|b S54 2007
|
| 100 |
1 |
|
|a Sheetz, Michael
|
| 245 |
1 |
0 |
|a Computer forensics :
|b an essential guide for accountants, lawyers, and managers
|c Michael Sheetz.
|
| 260 |
|
|
|a Hoboken, N.J.:
|b John Wiley & Sons, Inc.,
|c 2007.
|
| 300 |
|
|
|a xvii, 152 p.;
|c 24 cm.
|
| 504 |
|
|
|a Includes index
|
| 650 |
0 |
0 |
|a Computer crimes --
|x Investigation
|
| 997 |
|
|
|a Communication, Visual Art & Computing, Faculty
|b Computing, Department
|
| 998 |
|
|
|a Computer Science (Network Security and Digital Forensic), Degree
|
| 999 |
|
|
|a 0000030296
|b BOK
|c OPEN SHELF
|e 1st Floor, Bestari Jaya
|